[Event "NED-chT 2122"]
[Site "Netherlands"]
[Date "2021.11.06"]
[Round "3.2"]
[White "Feygin, Michael"]
[Black "Riemens, Albert"]
[Result "1-0"]
[WhiteElo "2456"]
[BlackElo "1986"]
[PlyCount "65"]
[EventDate "2021.09.18"]
[EventType "team-tourn"]
[EventRounds "9"]
[EventCountry "NED"]
[SourceTitle "EXT 2023"]
[Source "ChessBase"]
[SourceDate "2022.10.05"]
[SourceVersion "1"]
[SourceVersionDate "2022.10.05"]
[SourceQuality "1"]
[WhiteTeam "En Passant"]
[BlackTeam "Caissa"]
[WhiteTeamCountry "NED"]
[BlackTeamCountry "NED"]

1. e4 d6 2. d4 Nf6 3. Nc3 Nc6 4. d5 Ne5 5. f4 Ng6 6. Nf3 e6 7. dxe6 fxe6 8. Bc4 Be7 9. Ng5 d5 10. exd5 exd5 11. Nxd5 Nxd5 12. Qxd5 Qxd5 13. Bxd5 Bxg5 14. fxg5 c6 15. Bb3 Rf8 16. Be3 Nh4 17. 0-0-0 Nxg2 18. Bd4 Bg4 19. Bxg7 Rf2 20. Rd4 Bf5 21. Rhd1 Re2 22. Bf6 Be6 23. Bxe6 Rxe6 24. Rd7 Ne3 25. Rxh7 Nxd1 26. Rh8+ Kf7 27. Rxa8 Ne3 28. Rxa7 Rd6 29. Rxb7+ Kg6 30. b4 Rd1+ 31. Kb2 Rd2 32. Kb3 Nxc2 33. Rb6 1-0

[Event "Amsterdam Science Park op-A 2nd"]
[Site "Amsterdam"]
[Date "2012.07.20"]
[Round "7"]
[White "Merbis, Max"]
[Black "Riemens, Albert"]
[Result "1/2-1/2"]
[WhiteElo "2167"]
[BlackElo "2123"]
[PlyCount "34"]
[EventDate "2012.07.14"]
[EventType "swiss"]
[EventRounds "9"]
[EventCountry "NED"]
[SourceTitle "CBM 149 Extra"]
[Source "ChessBase"]
[SourceDate "2012.08.24"]
[SourceVersion "1"]
[SourceVersionDate "2012.08.24"]
[SourceQuality "1"]

1. d4 Nf6 2. c4 Nc6 3. Nf3 e6 4. g3 d5 5. Bg2 dxc4 6. Qa4 Bb4+ 7. Bd2 Nd5 8. Bxb4 Ndxb4 9. 0-0 0-0 10. Ne5 Qxd4 11. Nxc6 Nxc6 12. Bxc6 bxc6 13. Nc3 Rb8 14. Rfd1 Qc5 15. Rd2 e5 16. Ne4 Qb4 17. Qxa7 Bf5 1/2-1/2

[Event "Amsterdam Science Park op-A 2nd"]
[Site "Amsterdam"]
[Date "2012.07.16"]
[Round "3"]
[White "Kohler, Aran"]
[Black "Riemens, Albert"]
[Result "1-0"]
[WhiteElo "2229"]
[BlackElo "2123"]
[PlyCount "57"]
[EventDate "2012.07.14"]
[EventType "swiss"]
[EventRounds "9"]
[EventCountry "NED"]
[SourceTitle "CBM 149 Extra"]
[Source "ChessBase"]
[SourceDate "2012.08.24"]
[SourceVersion "1"]
[SourceVersionDate "2012.08.24"]
[SourceQuality "1"]

1. d4 Nf6 2. Nf3 g6 3. g3 Bg7 4. Bg2 d6 5. 0-0 0-0 6. a4 a5 7. Nc3 c6 8. e4 Na6 9. h3 Nb4 10. Be3 Qc7 11. Qd2 Re8 12. Ne1 d5 13. e5 Ne4 14. Nxe4 dxe4 15. c3 Nd5 16. Bxe4 Nxe3 17. fxe3 Bxh3 18. Rf4 g5 19. Rf2 h6 20. Bc2 e6 21. Qe2 Rf8 22. Qh5 Bf5 23. Bxf5 exf5 24. Rxf5 f6 25. exf6 Qxg3+ 26. Ng2 Rxf6 27. Rxf6 Bxf6 28. Qxh6 Bg7 29. Qe6+ 1-0

[Event "BEL-chT 0910"]
[Site "Belgium"]
[Date "2009.10.18"]
[Round "2"]
[White "Verlinde, Tieme"]
[Black "Riemens, Albert"]
[Result "1-0"]
[WhiteElo "2184"]
[BlackElo "2156"]
[PlyCount "63"]
[EventDate "2009.09.27"]
[EventType "team-tourn"]
[EventRounds "11"]
[EventCountry "BEL"]
[SourceTitle "EXT 2011"]
[Source "ChessBase"]
[SourceDate "2010.11.26"]
[SourceVersion "1"]
[SourceVersionDate "2010.11.26"]
[SourceQuality "1"]
[WhiteTeam "KBSK Brugge"]
[BlackTeam "Jean Jaures"]
[WhiteTeamCountry "BEL"]
[BlackTeamCountry "BEL"]

1. e4 d6 2. d4 g6 3. Nc3 a6 4. a4 Bg7 5. Be3 e6 6. Nf3 Ne7 7. Qd2 h6 8. h4 Nd7 9. Be2 b6 10. Nh2 Bb7 11. Bf3 e5 12. dxe5 Nxe5 13. Be2 d5 14. f4 Nc4 15. Bxc4 dxc4 16. Qe2 Nc6 17. Nf3 Nd4 18. Bxd4 Bxd4 19. 0-0-0 c5 20. Nxd4 cxd4 21. Qxc4 Qf6 22. Qxd4 Qxf4+ 23. Kb1 0-0 24. Qxb6 Rab8 25. Qd6 Qg4 26. h5 Rbd8 27. Qe7 Rxd1+ 28. Rxd1 Bc6 29. Rd6 Re8 30. Rd8 Rxd8 31. Qxd8+ Kg7 32. Qd6 1-0

[Event "Vlissingen HZ op 13th"]
[Site "Vlissingen"]
[Date "2009.08.06"]
[Round "7"]
[White "Riemens, Albert"]
[Black "Veldhuysen, Klaas"]
[Result "1-0"]
[WhiteElo "2156"]
[BlackElo "2013"]
[PlyCount "79"]
[EventDate "2009.08.01"]
[EventType "swiss"]
[EventRounds "9"]
[EventCountry "NED"]
[SourceTitle "CBM 131 Extra"]
[Source "ChessBase"]
[SourceDate "2009.09.03"]
[SourceVersion "2"]
[SourceVersionDate "2009.09.16"]
[SourceQuality "1"]

1. e4 c5 2. Ne2 g6 3. c4 Bg7 4. d4 d6 5. Nbc3 Nd7 6. Be3 cxd4 7. Nxd4 Ngf6 8. Be2 a6 9. Qd2 0-0 10. 0-0 Nc5 11. f3 Bd7 12. b3 Re8 13. Rac1 b6 14. Rfd1 Qb8 15. b4 Na4 16. Nd5 e5 17. Nxf6+ Bxf6 18. Nb3 Be7 19. c5 bxc5 20. bxc5 Be6 21. cxd6 Bd8 22. Bc4 Bb6 23. Bxe6 fxe6 24. Bxb6 Qxb6+ 25. Qf2 Red8 26. Qxb6 Nxb6 27. Nc5 Kf7 28. Rb1 Nc8 29. d7 Na7 30. Nb7 Nc6 31. Nxd8+ Rxd8 32. Rd6 Nd4 33. Rb7 a5 34. Ra6 Ke7 35. Rxa5 Nc6 36. Rab5 Ra8 37. Rb2 Ra3 38. d8Q+ Kxd8 39. Rxh7 Ra6 40. Rg7 1-0

[Event "Vlissingen HZ op 13th"]
[Site "Vlissingen"]
[Date "2009.08.02"]
[Round "3"]
[White "Riemens, Albert"]
[Black "Kok, Ivo"]
[Result "1/2-1/2"]
[WhiteElo "2156"]
[BlackElo "1926"]
[PlyCount "50"]
[EventDate "2009.08.01"]
[EventType "swiss"]
[EventRounds "9"]
[EventCountry "NED"]
[SourceTitle "CBM 131 Extra"]
[Source "ChessBase"]
[SourceDate "2009.09.03"]
[SourceVersion "2"]
[SourceVersionDate "2009.09.16"]
[SourceQuality "1"]

1. e4 d5 2. exd5 Nf6 3. d4 Nxd5 4. Be2 g6 5. c4 Nb6 6. h3 Bg7 7. Nf3 0-0 8. Nc3 Nc6 9. Be3 e5 10. d5 Ne7 11. g4 f5 12. Ng5 e4 13. Bc5 Bf6 14. h4 Re8 15. Qb3 h6 16. Ne6 Bxe6 17. dxe6 c6 18. Rd1 Qc8 19. gxf5 Nxf5 20. Nxe4 Qxe6 21. Nxf6+ Qxf6 22. Be3 Nxh4 23. c5+ Nd5 24. Rxd5 cxd5 25. Qxd5+ Kh7 1/2-1/2

[Event "Amsterdam ACT op 2nd"]
[Site "Amsterdam"]
[Date "2005.07.18"]
[Round "3"]
[White "Riemens, Albert"]
[Black "Slingerland, Fred"]
[Result "1/2-1/2"]
[WhiteElo "2210"]
[BlackElo "2259"]
[PlyCount "32"]
[EventDate "2005.07.16"]
[EventType "swiss"]
[EventRounds "9"]
[EventCountry "NED"]
[SourceTitle "CBM 107 Extra"]
[Source "ChessBase"]
[SourceDate "2005.09.01"]
[SourceVersion "1"]
[SourceVersionDate "2005.09.01"]
[SourceQuality "1"]

1. e4 c5 2. c3 e5 3. Nf3 Nc6 4. Bc4 Nf6 5. Ng5 d5 6. exd5 Nxd5 7. Qh5 g6 8. Qf3 Qxg5 9. Bxd5 Nd8 10. 0-0 Qf5 11. Re1 Bg7 12. d4 cxd4 13. cxd4 Qxf3 14. Bxf3 0-0 15. dxe5 Re8 16. Nc3 Rxe5 1/2-1/2

[Event "Amsterdam ACT op 2nd"]
[Site "Amsterdam"]
[Date "2005.07.16"]
[Round "1"]
[White "Riemens, Albert"]
[Black "Dambacher, Martijn"]
[Result "0-1"]
[WhiteElo "2210"]
[BlackElo "2388"]
[PlyCount "72"]
[EventDate "2005.07.16"]
[EventType "swiss"]
[EventRounds "9"]
[EventCountry "NED"]
[SourceTitle "CBM 107 Extra"]
[Source "ChessBase"]
[SourceDate "2005.09.01"]
[SourceVersion "1"]
[SourceVersionDate "2005.09.01"]
[SourceQuality "1"]

1. e4 c5 2. c3 d5 3. exd5 Qxd5 4. d4 Nf6 5. Nf3 e6 6. Be3 cxd4 7. cxd4 Bb4+ 8. Nc3 0-0 9. Bd3 b6 10. 0-0 Bxc3 11. bxc3 Ba6 12. Bxa6 Nxa6 13. Qa4 Nb8 14. c4 Qb7 15. Rab1 Nbd7 16. h3 Rfc8 17. Rfc1 Rc6 18. Ne5 Nxe5 19. dxe5 Nd7 20. c5 Nxe5 21. cxb6 Rxc1+ 22. Rxc1 axb6 23. Qb5 f6 24. f4 Qe4 25. Bxb6 Qxf4 26. Rc2 Qg3 27. Bf2 Qd3 28. Qc5 Qd7 29. Bg3 Ng6 30. Bf2 e5 31. Qc4+ Qf7 32. Qb4 Nf4 33. Be3 Nxh3+ 34. Kh2 Nf4 35. Bxf4 Qh5+ 36. Kg3 Qg6+ 0-1

[Event "BEL-chT 0203"]
[Site "Belgium"]
[Date "2003.03.23"]
[Round "11.7"]
[White "Riemens, Albert"]
[Black "Goossens, Etienne"]
[Result "1/2-1/2"]
[WhiteElo "2234"]
[BlackElo "2203"]
[PlyCount "64"]
[EventDate "2002.10.06"]
[EventType "team"]
[EventRounds "11"]
[EventCountry "BEL"]
[SourceTitle "EXT 2004"]
[Source "ChessBase"]
[SourceDate "2003.11.25"]
[SourceVersion "1"]
[SourceVersionDate "2003.11.25"]
[SourceQuality "1"]
[WhiteTeam "Jean Jaures"]
[BlackTeam "Liege Crelel"]
[WhiteTeamCountry "BEL"]
[BlackTeamCountry "BEL"]

1. e4 c5 2. c3 Nf6 3. e5 Nd5 4. Nf3 Nc6 5. Bc4 Nb6 6. Bb3 c4 7. Bc2 Qc7 8. Qe2 g5 9. h3 Bg7 10. e6 dxe6 11. Nxg5 Qe5 12. d4 Qxe2+ 13. Kxe2 e5 14. dxe5 Nxe5 15. Rd1 Bd7 16. Na3 Bc6 17. f3 Rc8 18. Be3 Bh6 19. Ne4 Bxe3 20. Kxe3 f6 21. g4 Nd5+ 22. Kf2 h5 23. Kg3 f5 24. gxf5 Rg8+ 25. Kf2 Nf4 26. Ke3 Ng2+ 27. Kf2 Kf7 28. Rg1 Nf4 29. Ke3 Ng2+ 30. Kf2 Nf4 31. Ke3 Ng2+ 32. Kf2 Nf4 1/2-1/2

[Event "Lost Boys op"]
[Site "Amsterdam"]
[Date "2002.07.31"]
[Round "6"]
[White "Van Egmond, Rogier M"]
[Black "Riemens, Albert"]
[Result "1/2-1/2"]
[WhiteElo "2276"]
[BlackElo "2225"]
[PlyCount "123"]
[EventDate "2002.07.26"]
[EventType "swiss"]
[EventRounds "9"]
[EventCountry "NED"]
[SourceTitle "CBM 089 Extra"]
[Source "ChessBase"]
[SourceDate "2002.09.10"]
[SourceVersion "2"]
[SourceVersionDate "2002.09.10"]
[SourceQuality "1"]

1. c4 Nf6 2. g3 g6 3. Bg2 Bg7 4. Nc3 c5 5. a3 Nc6 6. Rb1 a5 7. Nh3 0-0 8. 0-0 d6 9. Nf4 Bd7 10. d3 Rb8 11. Bd2 e5 12. Nfd5 Nxd5 13. Bxd5 Ne7 14. Bg2 Bc6 15. b4 Bxg2 16. Kxg2 axb4 17. axb4 cxb4 18. Nb5 Nc6 19. e4 Re8 20. Bxb4 Bf8 21. Bc3 Bg7 22. Qd2 Qd7 23. f4 f6 24. f5 g5 25. Rb3 Bf8 26. Rfb1 Ra8 27. Na3 Ra7 28. Qb2 Rea8 29. Nc2 Ra2 30. Qc1 R8a7 31. R1b2 Rxb2 32. Qxb2 Be7 33. Ne3 Bd8 34. Nd5 Qc8 35. Qe2 Qd7 36. Qd2 Qc8 37. Qd1 Qd7 38. Qb1 Qc8 39. Kh3 Qd7 40. Qd1 Kg7 41. Qb1 Qf7 42. Kg2 Ba5 43. Bxa5 Nxa5 44. Ra3 Nc6 45. Rxa7 Nxa7 46. Qb6 Nc6 47. g4 Qd7 48. Nc7 Qc8 49. Ne6+ Kf7 50. Kg3 Ke7 51. c5 dxc5 52. Qxc5+ Kf7 53. Qd5 Ke7 54. Qc5+ Kf7 55. Qd6 Ne7 56. Nc7 b5 57. Nxb5 Qc1 58. Qe6+ Ke8 59. Nd6+ Kd8 60. Nb7+ Ke8 61. Nd6+ Kd8 62. Nf7+ 1/2-1/2

[Event "Lost Boys op"]
[Site "Amsterdam"]
[Date "2002.07.26"]
[Round "1"]
[White "Riemens, Albert"]
[Black "Erwich, Marc"]
[Result "0-1"]
[WhiteElo "2225"]
[BlackElo "2376"]
[PlyCount "56"]
[EventDate "2002.07.26"]
[EventType "swiss"]
[EventRounds "9"]
[EventCountry "NED"]
[SourceTitle "CBM 089 Extra"]
[Source "ChessBase"]
[SourceDate "2002.09.10"]
[SourceVersion "2"]
[SourceVersionDate "2002.09.10"]
[SourceQuality "1"]

1. e4 e5 2. Nf3 Nc6 3. Nc3 Nf6 4. d4 exd4 5. Nd5 Be7 6. Bf4 d6 7. Qd3 0-0 8. 0-0-0 Bg4 9. h3 Bxf3 10. gxf3 Nxd5 11. exd5 Ne5 12. Qxd4 Nxf3 13. Qe4 Nh4 14. Bd3 Ng6 15. Rdg1 Bf6 16. Rg4 Qd7 17. Rhg1 Bxb2+ 18. Kxb2 f5 19. Qd4 fxg4 20. Bxg6 hxg6 21. Rxg4 Qb5+ 22. Kc1 Rf6 23. Rg1 Re8 24. Be3 a5 25. Qc3 Qxd5 26. Qxc7 Qxa2 27. Bd4 Qf7 28. Qxa5 Rf4 0-1

[Event "Lost Boys op"]
[Site "Amsterdam"]
[Date "2001.08.18"]
[Round "8"]
[White "Riemens, Albert"]
[Black "Dutreeuw, Marc"]
[Result "1/2-1/2"]
[WhiteElo "2209"]
[BlackElo "2390"]
[PlyCount "33"]
[EventDate "2001.08.10"]
[EventType "swiss"]
[EventRounds "9"]
[EventCountry "NED"]
[SourceTitle "CBM 083 Extra"]
[Source "ChessBase"]
[SourceDate "2001.09.11"]
[SourceVersion "1"]
[SourceVersionDate "2001.09.11"]
[SourceQuality "1"]

1. e4 e5 2. Nf3 Nf6 3. Nc3 Bb4 4. Nxe5 0-0 5. Be2 d6 6. Nd3 Bxc3 7. dxc3 Nxe4 8. 0-0 Nd7 9. f3 Nec5 10. Bf4 Re8 11. Qd2 Nxd3 12. cxd3 Nf8 13. Rfe1 Bf5 14. Bg5 f6 15. Bh4 Qd7 16. d4 d5 17. Bf1 1/2-1/2

[Event "Lost Boys op"]
[Site "Amsterdam"]
[Date "2001.08.14"]
[Round "5"]
[White "Riemens, Albert"]
[Black "Van der Hoeven, Gert Jan"]
[Result "1/2-1/2"]
[WhiteElo "2209"]
[BlackElo "2356"]
[PlyCount "64"]
[EventDate "2001.08.10"]
[EventType "swiss"]
[EventRounds "9"]
[EventCountry "NED"]
[SourceTitle "CBM 083 Extra"]
[Source "ChessBase"]
[SourceDate "2001.09.11"]
[SourceVersion "1"]
[SourceVersionDate "2001.09.11"]
[SourceQuality "1"]

1. e4 d6 2. d4 Nf6 3. Nc3 g6 4. g3 Bg7 5. Bg2 0-0 6. Nge2 e5 7. h3 c6 8. a4 a5 9. Be3 Na6 10. 0-0 Be6 11. Qd2 Nb4 12. Rad1 Bc4 13. Rfe1 Re8 14. Qc1 Qc7 15. g4 d5 16. Ng3 Nxe4 17. Ncxe4 dxe4 18. Bxe4 Nd5 19. Bh6 Bf6 20. b3 Ba6 21. Bxd5 cxd5 22. dxe5 Bxe5 23. Kg2 Bc3 24. Rxe8+ Rxe8 25. Be3 Qe5 26. Bd2 Bxd2 27. Qxd2 b6 28. Qd4 Qe6 29. Rd2 Qe1 30. Rd1 Qe6 31. Rd2 Qe1 32. Rd1 Qe6 1/2-1/2

[Event "Lost Boys op"]
[Site "Amsterdam"]
[Date "2001.08.11"]
[Round "2"]
[White "Handke, Florian"]
[Black "Riemens, Albert"]
[Result "1-0"]
[WhiteElo "2384"]
[BlackElo "2209"]
[PlyCount "65"]
[EventDate "2001.08.10"]
[EventType "swiss"]
[EventRounds "9"]
[EventCountry "NED"]
[SourceTitle "CBM 083 Extra"]
[Source "ChessBase"]
[SourceDate "2001.09.11"]
[SourceVersion "1"]
[SourceVersionDate "2001.09.11"]
[SourceQuality "1"]

1. e4 c5 2. Nf3 d6 3. d4 cxd4 4. Nxd4 Nf6 5. Nc3 Nc6 6. Bg5 e6 7. Qd2 a6 8. 0-0-0 Bd7 9. f4 b5 10. Bxf6 gxf6 11. Kb1 Qb6 12. Nxc6 Bxc6 13. Qe1 0-0-0 14. Bd3 b4 15. Ne2 d5 16. e5 f5 17. Qh4 Rd7 18. g4 fxg4 19. Rhg1 h5 20. Rxg4 Be7 21. Qh3 Kb7 22. Rg7 Bf8 23. Rg5 h4 24. Qg4 Rc7 25. f5 exf5 26. Qxf5 Bc5 27. Rg7 Rf8 28. Rh7 Bd7 29. Qf3 Ka7 30. Rxf7 Rxf7 31. Qxf7 Be6 32. Qf6 Be7 33. Qg6 1-0

[Event "BEL-chT 0001"]
[Site "Belgium"]
[Date "2001.03.11"]
[Round "10"]
[White "Huesmann, Thomas"]
[Black "Riemens, Albert"]
[Result "1-0"]
[WhiteElo "2272"]
[BlackElo "2210"]
[PlyCount "67"]
[EventDate "2000.11.18"]
[EventType "team"]
[EventRounds "13"]
[EventCountry "BEL"]
[SourceTitle "CBM 081 Extra"]
[Source "ChessBase"]
[SourceDate "2001.05.06"]
[SourceVersion "1"]
[SourceVersionDate "2001.05.06"]
[SourceQuality "1"]

1. e4 c5 2. Nc3 e6 3. d3 d5 4. g3 dxe4 5. dxe4 Qxd1+ 6. Nxd1 Nc6 7. Bg2 Bd7 8. Ne2 Nf6 9. 0-0 Be7 10. Ne3 Nd4 11. Re1 Nxe2+ 12. Rxe2 Bc6 13. f3 0-0-0 14. c4 Nd7 15. Nd5 exd5 16. exd5 Bf6 17. dxc6 bxc6 18. Bf4 Rhe8 19. Rae1 Bd4+ 20. Kf1 Rxe2 21. Rxe2 f5 22. Bh3 g6 23. b3 Nf6 24. Re6 Kb7 25. Bg5 Rf8 26. Re7+ Kb6 27. Ke2 h5 28. Bg2 Ng8 29. Re6 Bf6 30. f4 Ka5 31. Rxc6 Kb4 32. Ra6 Re8+ 33. Kd3 Rd8+ 34. Kc2 1-0

[Event "BEL-chT 9900"]
[Site "Antwerp"]
[Date "2000.02.20"]
[Round "10"]
[White "Faybish, Nimrod"]
[Black "Riemens, Albert"]
[Result "1-0"]
[WhiteElo "2229"]
[BlackElo "2217"]
[PlyCount "69"]
[EventDate "1999.10.08"]
[EventType "team"]
[EventRounds "11"]
[EventCountry "BEL"]
[SourceTitle "CBM 075 Extra"]
[Source "ChessBase"]
[SourceDate "2000.05.11"]
[SourceVersion "2"]
[SourceVersionDate "2000.05.11"]
[SourceQuality "1"]

1. e4 c5 2. Nf3 d6 3. c3 Nf6 4. Be2 Bd7 5. e5 dxe5 6. Nxe5 Nc6 7. Nxd7 Qxd7 8. a3 e5 9. d3 Bd6 10. Bg5 Qf5 11. Bh4 0-0 12. 0-0 Rad8 13. Nd2 Ne7 14. Nc4 Ng6 15. Ne3 Qe6 16. Bxf6 Qxf6 17. Nd5 Qe6 18. c4 Nf4 19. Bf3 b6 20. Re1 Nxd5 21. Bxd5 Qf6 22. Qa4 Bb8 23. b4 Qd6 24. Re4 Kh8 25. Rae1 f5 26. Rh4 Qf6 27. Rh3 h6 28. Qb5 e4 29. bxc5 exd3 30. Rxd3 Rde8 31. Qxe8 Rxe8 32. Rxe8+ Kh7 33. Bg8+ Kh8 34. g3 Qb2 35. Rdd8 1-0